| 000 | 00697 a2200169 4500 | ||
|---|---|---|---|
| 003 | Nust | ||
| 005 | 20230126121455.0 | ||
| 040 | _cNust | ||
| 082 | _a658.3,DEC | ||
| 100 | _aDecenzo,David A. | ||
| 245 |
_aHuman Resource Management: _bInternational student version / _cDecenzo,David.A et al. |
||
| 250 | _a10th ed. | ||
| 300 | _axxiii,410p. | ||
| 505 | _aPart 1. Understanding HRM (Page-3), Part 2: The legal and ethical context of HRM (Page-56), Part 3: Staffing the organization (Page-110), Part 4: Training and development (Page-82),Part 5: Maintaining high performance (Page-230), Part 6: Labor-managements environments (Page-340). | ||
| 650 | _aManagement | ||
| 942 |
_2ddc _cBK _k658.3,DEC |
||
| 999 |
_c207927 _d207927 |
||